| 000 | 01701nam a2200253 i 4500 | ||
|---|---|---|---|
| 003 | DO-SdBNP | ||
| 005 | 20230504142851.0 | ||
| 006 | a||||gr|||| 00| 0 | ||
| 007 | ta | ||
| 008 | 230504e1976 dr ||||gr|||| 001 0 spa d | ||
| 040 |
_aDO-SdBNP _bspa _cBNPHU _erda |
||
| 082 | 4 |
_222 _bP953c |
|
| 111 | 1 |
_aPrimer congreso Nacional de Desarrollo de la Comunidad _n(1° : _d1976: _cSanto Domingo) _983324 |
|
| 245 | 1 | 0 |
_aPrimer congreso Nacional de desarrollo de la comunidad: _b"el gobierno en los programas de desarrollo de la comunidad". / _cRadhames de los Santos |
| 264 |
_aSanto Domingo : _bCentro de Investigación, Formación y Asesoría Social (CIFAS), _bCruzada de Amor, _c1976 |
||
| 300 |
_a[113] páginas ; _c27 cm. |
||
| 336 |
_2rdaconten _atexto _btxt |
||
| 337 |
_2rdamedia _asin medición _bn |
||
| 338 |
_2rdacarrier _avolumen _bnc |
||
| 505 |
_aPreambulo. _tI.- Ponencia del Lic. Radhamés de los Santos, Asistente del Departamento de Programación y Estudios de la O. D. G.-- _tII- Ponencia de la Lic. Quisqueya Alt. Rivas Jerez, Directora Ejecutiva del CIFAS.-- _tIII- Ponencia del Lic. Lorenzo Antonio Coste, Encargado de la Sección de Supervisión Campesina del I. A. D.-- _tIV- Ponencia de la Sra. Calina Ogando, Técnico en Desarrollo Comunal, Cruzada de Amor.-- _tV- Ponencia del Sr. Manuel H. Figuereo, - Técnico en Desarrollo Comunal, Secretaría de Estado de Agricultura.-- _tVI- Ponencia del Sr Rómulo Tiburcio.-- I. D. S. S.-- _tVII -Ponencia del Sr. William Mackinny, Técnico en Desarrollo Comunal. Secretaría de Estado de Agricultura.-- _tVIII - Conclusiones Generales del Congreso. |
||
| 590 | _aInventariado 2023 / MF | ||
| 700 | 1 |
_aSantos, Radhames, de _983325 |
|
| 942 |
_2ddc _cLBS1 |
||
| 999 |
_c53421 _d53421 |
||